000 00269nam a22001217a 4500
008 181102b xxu||||| |||| 00| 0 eng d
041 _aeng
080 _212th
_a611
100 _a6
101 _aANA
245 _aMedical Physiology
_cMountcastle, V.B
942 _2udc
_cBK
999 _c51736
_d51736